Le courage de la verite
Αποθηκεύτηκε σε:
| Κύριος συγγραφέας: | |
|---|---|
| Άλλοι συγγραφείς: | , , |
| Μορφή: | Βιβλίο |
| Γλώσσα: | French |
| Δημοσίευση: |
[Paris] :
Seuil/Gallimard,
2009
|
| Σειρά: | Hautes etudes
Cours de Michel Foucault au College de France |
| Θέματα: | |
| Ετικέτες: |
Προσθήκη ετικέτας
Δεν υπάρχουν, Καταχωρήστε ετικέτα πρώτοι!
|
MARC
| LEADER | 00000cam a2200000 i 4500 | ||
|---|---|---|---|
| 001 | 1/3848 | ||
| 008 | 100129s2009 fre d | ||
| 020 | |a 978-2-02-65870-6 (τ.2) | ||
| 035 | |l 10106524 | ||
| 040 | |a GR-MY-UA |b gre |e aacr | ||
| 041 | 0 | |a fre | |
| 082 | 0 | |a 194 |2 (22) | |
| 100 | 1 | |a Foucault, Michel, |d 1926-1984. | |
| 245 | 1 | 3 | |a Le courage de la verite / |c Michel Foucault ; edition etablie sous la direction de Francois Ewald et Alessandro Fontana par Frederic Gros |
| 260 | |a [Paris] : |b Seuil/Gallimard, |c 2009 | ||
| 300 | |a 2τ.; |c 24 εκ. | ||
| 490 | 1 | |a Hautes etudes | |
| 490 | 1 | |a Cours de Michel Foucault au College de France | |
| 504 | |a Περιέχει βιβλιογραφικές παραπομπές και ευρετήρια | ||
| 505 | 0 | |a τ.2. Le gouvernement de soi et des autres:cours au College de France (1983-1984) | |
| 600 | 1 | 0 | |a Foucault, Michel, |d 1926-1984. |
| 650 | 0 | 0 | |a Philosophy, Modern |y 20th century |x Study and teaching. |
| 650 | 0 | 0 | |a Political science |x Philosophy |y 20th century |x Study and teaching. |
| 700 | 1 | |a Ewald, Francois. |4 edt | |
| 700 | 1 | |a Fontana, Alessandro. |4 edt | |
| 700 | 1 | |a Gros, Frederic. |4 edt | |
| 830 | 0 | |a Hautes etudes | |
| 830 | 0 | |a Cours de Michel Foucault au College de France | |
| 852 | |a INST |b LESVOS |e 20100129 |h 194 FOU |p 005100045812 |q 005100045812 |t BK |y 0 |z τ.2 | ||
| 852 | |a INST |b LESVOS |e 20100129 |h 194 FOU |p 005100045812 |q 005100045812 |t BK |v τ.2: |y 0 |z τ.2 | ||
| 853 | |a INST |b LESVOS |h 194 FOU | ||
| 901 | |a BIBL1-2010-1 | ||
| 909 | |a Λ |b 160091 | ||
| 970 | |a ΓΙΑΛΑΜΑ |b ΜΑΡΙΑ |z 2010/01/29 | ||